Karl /

Uloženo v:
Podrobná bibliografie
Hlavní autor: Pollard, Velma (autor)
Médium: Kniha
Jazyk:španělština
Vydáno: La Habana, Cuba : Casa de las Américas, 1993, c1993
Témata:
Tagy: Přidat tag
Žádné tagy, Buďte první, kdo vytvoří štítek k tomuto záznamu!

MARC

LEADER 00000nam^a2200000^a^4500
001 000397578
005 20250521000000.0
009 20260310121501.498
020 |a 959-04-0004-3 
037 |a Acervo ITESO - Biblioteca 
041 |a ESP 
082 |a 819. 83  |b POL 
100 |a Pollard, Velma  |e (autor) 
245 1 0 |a Karl /  |c V. Pollard. 
264 4 |a La Habana, Cuba :  |b Casa de las Américas,  |c 1993, c1993 
300 |a 203 p. 
336 |a texto  |b txt  |2 rdacontenido 
337 |a sin mediación  |b n  |2 rdamedio 
338 |a volumen  |b nc  |2 rdasoporte 
546 |a Edición bilingüe español-inglés 
649 |a XX 
650 |a Novela Jamaiquina 
650 |a Novela Caribeña 
650 |a Novela Afroantillana 
650 |a Literatura Jamaiquina -  |y Siglo XX 
650 |a Literatura Caribeña -  |y Siglo XX 
650 |a Literatura Afroantillana -  |y Siglo XX 
650 |a Literatura de Mujeres -  |z Jamaica 
650 |a Literatura de Mujeres -  |z Caribe, El 
650 |a Literatura en Inglés -  |z Jamaica 
650 |a Literatura en Inglés -  |z Caribe, El 
910 |a Fondo Carlos Núñez Hurtado 
920 |a Impresos - Libros 
930 |a Fondos Especiales 
940 |a Literatura 
905 |a 117 
901 |a 0500292849  |b IT2  |c ESP  |i D797578  |u 20250521 
902 |a https://opac.biblio.iteso.mx/vufind/Record/000397578